Cargando...

Equality and education: with special reference to women

Detalles Bibliográficos
Autor Principal: Khan, M I
Formato: Printed Book
Idioma:English
Subjects:
LEADER 00373nam a2200109Ia 4500
008 101008s9999 xx 000 0 eng d
100 |a Khan, M I 
245 |a Equality and education: with special reference to women 
650 |a Educational Sociology 
942 |c BK 
999 |c 183245  |d 183245 
952 |0 0  |1 0  |4 0  |7 0  |9 202538  |a EDU  |b EDU  |c ST1  |d 2010-10-20  |i 4837  |l 0  |p EDU4837  |r 2018-08-29  |w 2018-08-29  |y BK